01602nam a2200361 a 4500001001000000003000500010005001700015008004100032010001100073011001100084040000900095090001000104100004600114245018500160260004100345500006000386502010100446590004100547590004000588590004000628650003500668650003300703650005000736650003200786700003400818856007000852901000700922942001000929942000600939999001900945952013600964952014001100000111838CHAP20220329144231.0150922s2015 mx a fsm |||||||spa d a108299 a109271 cCHAP aTesis1 aTrejo Caballero, Rocío Nohemí912981613aLa ganadería familiar y empresarial en la economía del sector lácteo - bovino en Jalisco, Méxicoh[En línea]cpor Rocío Nohemí Trejo Caballero y Laura Ponce García. aBermejillo, Dgo. :bEl autor,c2015. aPara ver el contenido del material haga clic en la liga aTesis (Ing. Agr. en Sistemas Pecuarios) -- UACH. Unidad Regional Universitaria de Zonas Áridas aE11695DGDb10c20150924lUCH01h1322 aE6096MTMb05c20150922lUCH01h1248 aE6096MTMb05c20150922lUCH01h124914aEmpresas agropecuarias.93664914aGanaderíazJalisco.94486614aGanado lecheroxAspectos económicos.94524314aProducción animal.9918591 aPonce García, Laura9129817 aFinding aiduhttp://10.13.5.2/tesis/sist111838.pdfzTeclea aquí aBK cTESIS n0 c108299d108299 00104054718TESISaBCbBCd2015-09-22fTESISl0oTesisp33724002507157r2019-12-31 00:00:00w2019-12-31yTESISzRecien adquirido 00102local4053708TESISaBCbBCcPA_TESISd2015-09-22fTESISl0oTesisp33724002507199r2019-12-31 00:00:00tc.2w2019-12-31yTESIS